Stuctural dynamics Vibration & System

Guardat en:
Dades bibliogràfiques
Autor principal: MUKHOPADHAY, Hadhujit
Format: Llibre
Idioma:anglès
Publicat: Ane Books Pvt. Ltd. 2019
Etiquetes: Afegir etiqueta
Sense etiquetes, Sigues el primer a etiquetar aquest registre!

MARC

LEADER 00000nam a22000007a 4500
008 210813b ||||| |||| 00| 0 eng d
020 |a 9788180520976 
100 |a MUKHOPADHAY, Hadhujit 
245 |a Stuctural dynamics  |b Vibration & System  |c Madhuit Mukhopadhay  |g xv,550p.ill. 
260 |b Ane Books Pvt. Ltd.  |c 2019  |d Book  |h New Delhi  |i 696768  |i 696769  |l TA 345.M88  |m Computer -aided engineering-Mathematics  |m Computer-aideddesign-Mathematics  |m Structural dynamics-Mathematics  |m Structural analysis (Engineering)-Mathematics 
500 |a "It has index" 
942 |a lcc  |c BK  |e Olagoke,M.A.  |f 13/08/2021 
952 |0 0  |1 0  |2 lcc  |4 0  |7 0  |9 3034  |a HOL  |b SL  |c QZ  |d 2021-08-13  |o TA 345.M88  |p 2021-66735  |r 2021-08-13 00:00:00  |t 696768  |w 2021-08-13  |y BK 
952 |0 0  |1 0  |2 lcc  |4 0  |7 0  |9 3035  |a HOL  |b HOL  |c QZ  |d 2021-08-13  |o TA 345.M88  |p 2021-66736  |r 2021-08-13 00:00:00  |t 696769  |w 2021-08-13  |y BK 
999 |c 1539  |d 1539